| 000 | 00746nam a2200205 a 4500 | ||
|---|---|---|---|
| 003 | SISC | ||
| 005 | 20170224082946.0 | ||
| 008 | 110822s19uu xx 00 eng d | ||
| 020 | _a9780470645956 | ||
| 050 |
_aHF 5415.1265 _b.Sc36 2011 |
||
| 100 | _aScott, David Meerman. | ||
| 245 |
_aReal-time marketing & PR : _bHow to instantly engage your market, connect with customers, and create products that grow your business now / _cDavid Meerman Scott. |
||
| 260 |
_aNew Jersey : _bJohn Wiley & Sons, _c2011. |
||
| 300 |
_a244 pages : _billustrations ; _c24 cm. |
||
| 500 | _aIncludes bibliographical references, appendix and index. | ||
| 650 | _aInternet marketing. | ||
| 650 | _aPublic realations. | ||
| 942 |
_cBK _2lcc _kFOR |
||
| 999 |
_c24680 _d24680 |
||